More than 10 Seasons? Quiz Stats

Quiz Updated May 13, 2016

Challenge
Share
Tweet
Embed
Score 0/20 Timer 03:00
5 Plays Today
Show M or F? % Correct
Sesame Street???
93.1%
The Simpsons???
91.4%
Breaking Bad???
84.6%
M*A*S*H???
84.2%
Meet the Press???
76.2%
Gilligan's Island???
75.3%
Three's Company???
75.2%
The King of Queens???
74%
Leave it to Beaver???
70.8%
Cheers???
68.4%
Show M or F? % Correct
The Dick Van Dyke Show???
68%
Bonanza???
66.6%
The Lawrence Welk Show???
66.6%
All in the Family???
65.2%
Everybody Loves Raymond???
60.2%
The Golden Girls???
56.8%
Murder She Wrote???
56.1%
The Andy Griffith Show???
49%
Mythbusters???
48.8%
7th Heaven???
39.1%

You're not logged in!

Compare scores with friends on all Sporcle quizzes.
Sign Up with Email
OR
Log In

You Might Also Like...

Show Comments

Extras

Top Quizzes Today


Score Distribution

Your Account Isn't Verified!

In order to create a playlist on Sporcle, you need to verify the email address you used during registration. Go to your Sporcle Settings to finish the process.